00342 a2200145 450000100060000002000140000604000370002010000290005724000310008624500260011730000080014336200090015144000120016065000240017273090 a851602282 cAnchieta - Colégio São Paulo aGuimarães, Raul Borges10aConstruindo geografialpor10aConstruindo geografia a2080 a2000 1aModerna 4aGeografia e viagens